啟示錄 : 從黑暗到光明Revelation - From darkness to light {ch} / (Record no. 20347)
[ view plain ]
| 000 -LEADER | |
|---|---|
| fixed length control field | 00662nam a2200157 4500 |
| 008 - FIXED-LENGTH DATA ELEMENTS--GENERAL INFORMATION | |
| fixed length control field | 040623s1996 -hk chi |
| 020 ## - INTERNATIONAL STANDARD BOOK NUMBER | |
| International Standard Book Number | 9622082947 : |
| Terms of availability | NT260.00 |
| 090 ## - LOCALLY ASSIGNED LC-TYPE CALL NUMBER (OCLC); LOCAL CALL NUMBER (OCLC) | |
| Classification number (OCLC) (R) ; Classification number, CALL (RLIN) (NR) | BS2825.3 |
| Local cutter number (OCLC) ; Book number/undivided call number, CALL (RLIN) | So1r |
| -- | 1996 |
| 100 1# - MAIN ENTRY--PERSONAL NAME | |
| Personal name | 蘇 穎智So, Patrick W. C. |
| 245 10 - TITLE STATEMENT | |
| Title | 啟示錄 : 從黑暗到光明Revelation - From darkness to light {ch} / |
| Statement of responsibility, etc | P蘇 穎智atrick W. C. So. |
| 260 ## - PUBLICATION, DISTRIBUTION, ETC. (IMPRINT) | |
| Place of publication, distribution, etc | Hong Kong : |
| Name of publisher, distributor, etc | 香港 : 天道書樓Tien Dao Publishing House Ltd, |
| Date of publication, distribution, etc | c1996. |
| 300 ## - PHYSICAL DESCRIPTION | |
| Extent | 209 p. |
| 490 1# - SERIES STATEMENT | |
| Series statement | 生命信息系列 Life messages series |
| 650 #4 - SUBJECT ADDED ENTRY--TOPICAL TERM | |
| Topical term or geographic name as entry element | Bible. N.T. Revelation |
| General subdivision | Commentaries {ch} |
| 951 ## - EQUIVALENCE OR CROSS-REFERENCE-GEOGRAPHIC NAME/AREA NAME [OBSOLETE] [CAN/MARC only] | |
| General subdivision | 00028065 |
| 951 ## - EQUIVALENCE OR CROSS-REFERENCE-GEOGRAPHIC NAME/AREA NAME [OBSOLETE] [CAN/MARC only] | |
| -- | C-5237 |
| -- | BS2825.3/So1r/1996 |
| -- | 070613111401875 |
| -- | 2000-12-21 |
| -- | REF-CH |
| Withdrawn status | Lost status | Damaged status | Not for loan | Home library | Current library | Shelving location | Date acquired | Accession number | Shelving control number | Total Checkouts | Full call number | Barcode | Date last seen | Price effective from | Koha item type |
|---|---|---|---|---|---|---|---|---|---|---|---|---|---|---|---|
| BSOP Library | BSOP Library | Reference Chinese | 12/21/2000 | C-5237 | 127 | BS2825.3/So1r/1996 | 00028065 | 02/23/2013 | 02/23/2013 | Books |
